00262nam a22000977a 4500020001800000082001300018100002200031245006000053260004200113300000900155 a9787119116099 a951bBRO a Brown, William N aOff the wall : how we fell for Chinac Brown William N aBeijingbForeign Language Pressc2018 a216p